02211nam a22002657a 45000010005000000030006000050050017000110080041000280200018000690400029000870500008001160820008001241000018001322450331001502600043004813000050005245050008005745200865005825200310014475210029017575210021017866500074018076500032018817000032019138717FISKH20251014082045.0251014b cb ||||| |||| 00| 0 eng d a9789996346453 aFISKHbkhrcFISKHdFISKH aPZ7 a800 aChakriya, Vat aខ្លាចាញ់ប្រាជ្ញាគីង្គក់ និងខ្យង :bThe tiger cheated by the toad and the tortoise /cរៀបរៀងដោយ អ្នកនាង វ៉ាត ចរិយា , កែសម្រួលដោយ អ្នកស្រី គឹមស៊ុន សុធារី  aPhnom Penh : bReading Books , c2015. a24 pages : bcolor illustrations ; c25 cm .  aL  aអត្ថបទនេះត្រូវបានសរសេរឡើងក្នុងគោលបំណងបង្ហាត់កុមារឲ្យយល់ថា មនុស្សមានទេពកោសល្យខុសៗគ្នា ជីវិតនិងរបររស់នៅរបស់គ្នាក៏ខុសគ្នាផងដែរ។ ដូច្នេះ យើងគួរតែរស់នៅដោយមានការពេញចិត្តនឹងស្ថានភាព និងលក្ខខណ្ឌរបស់ខ្លួន មិនគួរបង្អាប់អ្នកក្រីក្រ ឬអ្នកមានកម្លាំងទាបជាងខ្លួនឡើយ ហើយក៏មិនគួរសុំនឹងមនុស្សដែលល្អជាងខ្លួនដែរ។ aThis story is written in an attempt to tell kids that people have got various talent, their lifestyle and livelihood are also different . So, we need to live comfortably with our situation and conditions, not pouring scorn on paupers or weaker people or feeling envious with anyone who is better than us. 8 a530 bLexile estimate 8 aL bRaz-Plus  aសត្វខ្លា vរឿងនិទានកុមារ​ aTiger vChildren's Stories  aChinith, ChoueIllustrator